| 000 | 00631nam a2200193 a 4500 | ||
|---|---|---|---|
| 001 | 000035355 | ||
| 005 | 20200930074300.0 | ||
| 008 | 111027s1971 ve 000 0 spa d | ||
| 040 |
_aDO-SdBNP _bspa _cBNPHU |
||
| 082 |
_axxxx _bxxxx |
||
| 100 | 1 |
_aOtero Silva, Miguel, _d1908-1985 _923057 |
|
| 245 | 1 | 0 |
_aCuando quiero llorar no lloro : _bnovela / _cMiguel Otero Silva. |
| 250 | _a6a ed. revisada | ||
| 260 |
_aCaracas, Venezuela, : _bTiempo muerto, _c1971. |
||
| 300 |
_a185 p. ; _c20 cm. |
||
| 490 | 1 | _aAncho mundo | |
| 590 | _aPerteneció a la biblioteca personal de Juan Isidro Jimenes Grullón | ||
| 830 | 0 |
_aAncho mundo _923868 |
|
| 999 |
_c34846 _d34846 |
||